| 000 -LEADER |
| fixed length control field |
02893nam a2200313 a 4500 |
| 001 - CONTROL NUMBER |
| control field |
ASIN184904046X |
| 005 - DATE AND TIME OF LATEST TRANSACTION |
| control field |
20170105102853.0 |
| 008 - FIXED-LENGTH DATA ELEMENTS--GENERAL INFORMATION |
| fixed length control field |
130821s2010 xxu eng d |
| 020 ## - INTERNATIONAL STANDARD BOOK NUMBER |
| International Standard Book Number |
184904046X (hardcover) |
| Terms of availability |
$100.00 |
| 020 ## - INTERNATIONAL STANDARD BOOK NUMBER |
| International Standard Book Number |
9781849041867 (paperback) |
| 040 ## - CATALOGING SOURCE |
| Original cataloging agency |
0 |
| 050 04 - LIBRARY OF CONGRESS CALL NUMBER |
| Classification number |
HV6433.P18 |
| 082 04 - DEWEY DECIMAL CLASSIFICATION NUMBER |
| Classification number |
363.325095491 |
| 100 1# - MAIN ENTRY--PERSONAL NAME |
| Personal name |
Tankel, Stephen. |
| 245 10 - TITLE STATEMENT |
| Title |
Storming the world stage : |
| Remainder of title |
the story of lashkar-e-taiba / |
| Statement of responsibility, etc. |
Stephen Tankel. |
| 260 ## - PUBLICATION, DISTRIBUTION, ETC. |
| Place of publication, distribution, etc. |
[S.l.] : |
| Name of publisher, distributor, etc. |
Hurst & Co., |
| Date of publication, distribution, etc. |
2010. |
| -- |
2011. |
| 300 ## - PHYSICAL DESCRIPTION |
| Extent |
364 p. ; |
| -- |
352 p. ; |
| Dimensions |
22 cm. |
| 520 ## - SUMMARY, ETC. |
| Summary, etc. |
Lashkar-e-Taiba is among the most powerful militants groups in South Asia and increasingly viewed as a global terrorist threat on par with al-Qaeda. Considered Pakistan's most powerful proxy against India, the group gained public prominence after its deadly ten-person suicide assault on Mumbai in November 2008. By the time the last Lashkar terrorist was dead after nearly 60 hours, it appeared the world was facing a new menace. Boasting transnational networks stretching across several continents, there has been serious debate since 9/11 of whether Lashkar is an al-Qaeda affiliate. The deliberate targeting of Westerners and Jews during the Mumbai attacks raised questions about whether Lashkar was moving deeper into al-Qaeda's orbit and perhaps on a trajectory to displace Osama bin Laden's network as the next major global jihadi threat. Lashkar's expansion has serious security implications for India, Pakistan, Europe and the United States and its activities threaten to damage US-Pakistan relations. Despite growing calls for action, Pakistan is yet to take any serious steps toward dismantling Lashkar for fear of drawing it further into the insurgency raging there and because of its continued utility against India. More than a militant outfit, Lashkar also controls a vast infrastructure that delivers necessary social services to the Pakistani populace, making it all the more difficult to dismantle. Storming the World Stage traces the evolution of Lashkar-e-Taiba over more than two decades to illustrate how the group grew so powerful and to assess the threat it poses to India, the West and to Pakistan itself. The first English-language book ever written about Lashkar, it draws on in-depth field research, including interviews with senior Lashkar leaders, rank-and-file members, and officials of the Pakistani security services--some of who have helped nurture the group over the years. |
| 650 #0 - SUBJECT ADDED ENTRY--TOPICAL TERM |
| Topical term or geographic name entry element |
Islam and politics |
| 650 #0 - SUBJECT ADDED ENTRY--TOPICAL TERM |
| Topical term or geographic name entry element |
Islamic fundamentalism |
| 650 #0 - SUBJECT ADDED ENTRY--TOPICAL TERM |
| Topical term or geographic name entry element |
Jamat al-Dawa Pakistan |
| 650 #0 - SUBJECT ADDED ENTRY--TOPICAL TERM |
| Topical term or geographic name entry element |
Jihad |
| 650 #0 - SUBJECT ADDED ENTRY--TOPICAL TERM |
| Topical term or geographic name entry element |
Mumbai Terrorist Attacks (Mumbai, India : 2008) |
| 650 #0 - SUBJECT ADDED ENTRY--TOPICAL TERM |
| Topical term or geographic name entry element |
Pakistan |
| 650 #0 - SUBJECT ADDED ENTRY--TOPICAL TERM |
| Topical term or geographic name entry element |
Terrorism--Religious aspects--Islam |
| 650 #0 - SUBJECT ADDED ENTRY--TOPICAL TERM |
| Topical term or geographic name entry element |
Terrorists |
| 856 40 - ELECTRONIC LOCATION AND ACCESS |
| Materials specified |
Amazon.com |
| Uniform Resource Identifier |
<a href="http://www.amazon.com/exec/obidos/ASIN/184904046X/chopaconline-20">http://www.amazon.com/exec/obidos/ASIN/184904046X/chopaconline-20</a> |
| 942 ## - ADDED ENTRY ELEMENTS (KOHA) |
| Source of classification or shelving scheme |
|
| Koha item type |
Book |